Chatiment

Na minha lista:
Detalhes bibliográficos
Autor principal: Serao, Matilde
Formato: Livro
Idioma:Undetermined
Publicado em: París, Francia Societe D´editions Litteraires et artistiques 1908
Assuntos:
Tags: Adicionar Tag
Sem tags, seja o primeiro a adicionar uma tag!

MARC

LEADER 00000nam a2200000Ia 4500
008 170316s9999 xx 000 0 und d
999 |c 8216  |d 8216 
040 |a cru BVZT 
090 |a 850 S-4c 
100 |a Serao, Matilde 
245 |a Chatiment  |c / Matilde Serao 
260 |a París, Francia  |b Societe D´editions Litteraires et artistiques  |c 1908 
300 |a 348 páginas 
650 |a LITERATURA ITALIANA  |9 212 
942 |c 15 D  |h 850 S-4c  |2 z